Practical newspaper reporting (Record no. 221774)
[ view plain ]
| 000 -LEADER | |
|---|---|
| fixed length control field | 01715nam a22002297a 4500 |
| 005 - DATE AND TIME OF LATEST TRANSACTION | |
| control field | 20250722173550.0 |
| 008 - FIXED-LENGTH DATA ELEMENTS--GENERAL INFORMATION | |
| fixed length control field | 220309b ||||| |||| 00| 0 eng d |
| 020 ## - INTERNATIONAL STANDARD BOOK NUMBER | |
| International Standard Book Number | 9781847878977 |
| 040 ## - CATALOGING SOURCE | |
| Transcribing agency | AL |
| 041 ## - LANGUAGE CODE | |
| Language code of text/sound track or separate title | English |
| 082 ## - DEWEY DECIMAL CLASSIFICATION NUMBER | |
| Classification number | 070.4 |
| Item number | SPAP |
| 100 ## - MAIN ENTRY--PERSONAL NAME | |
| Personal name | David Spark |
| 9 (RLIN) | 23154 |
| 245 ## - TITLE STATEMENT | |
| Title | Practical newspaper reporting |
| 250 ## - EDITION STATEMENT | |
| Edition statement | 4 |
| 260 ## - PUBLICATION, DISTRIBUTION, ETC. | |
| Place of publication, distribution, etc. | London |
| Name of publisher, distributor, etc. | Sage publications |
| Date of publication, distribution, etc. | 2011 |
| 300 ## - PHYSICAL DESCRIPTION | |
| Extent | xiv,210p. |
| Other physical details | PB |
| Dimensions | 24x16.2cm. |
| 365 ## - TRADE PRICE | |
| Source of price type code | General |
| Price type code | VBI-1347 |
| Price amount | ₹2694.45 |
| Currency code | ₹ |
| Unit of pricing | ₹3592.60 |
| Price note | 25% |
| Price effective from | 21-02-2022 |
| 520 ## - SUMMARY, ETC. | |
| Summary, etc. | Now in its fourth edition, this classic textbook has grown up alongside the newspaper industry. Today, as ever, it provides students of newspaper journalism with a toolkit for gathering news and filling ever-increasing space with first-rate copy for print and online.<br/>Detailed and down-to-earth, this book delivers:<br/>• Guidance on news gathering, from government and business to sport and religion<br/>• Guidance on news writing, drawing on over 300 examples that have appeared in print, discussing why they work or how they could have been better<br/>• Guidance on feature writing, including profiles, comment, leading articles, obituaries and reviews<br/>• Specific chapters on ethical reporting and the possibilities and pitfalls of investigative journalism<br/>• A review of the new financial realities that the internet is imposing on the media.<br/>Informed by over half a century′s professional experience and fully revised to give a nuanced account of the skills required in an online environment, this book is an essential companion for your journalism degree and beyond. |
| 650 ## - SUBJECT ADDED ENTRY--TOPICAL TERM | |
| Source of heading or term | Mass media |
| Topical term or geographic name entry element | Journalism |
| 9 (RLIN) | 23155 |
| 700 ## - ADDED ENTRY--PERSONAL NAME | |
| Personal name | Harris, Geoffrey |
| 9 (RLIN) | 23156 |
| 942 ## - ADDED ENTRY ELEMENTS (KOHA) | |
| Source of classification or shelving scheme | Dewey Decimal Classification |
| Koha item type | Book |
| Withdrawn status | Lost status | Source of classification or shelving scheme | Damaged status | Not for loan | Collection code | Home library | Current library | Date acquired | Source of acquisition | Cost, normal purchase price | Total Checkouts | Full call number | Barcode | Date last seen | Cost, replacement price | Price effective from | Koha item type |
|---|---|---|---|---|---|---|---|---|---|---|---|---|---|---|---|---|---|
| Dewey Decimal Classification | MAJMC | St Aloysius PG Library | St Aloysius PG Library | 03/07/2022 | Vidyarthi Books | 2694.45 | 070.4 SPAP | PG023722 | 08/24/2022 | 3592.60 | 02/21/2022 | Book |